000 00551nam a2200205Ia 4500
003 OSt
005 20240612154747.0
008 210719s1997 xx 000 0 und d
040 _cAL
041 _aKannada
082 _aK894.2 MANA
100 _aMANORAMA EM BHAT
_dಮನೋರಮಾ (ಎಂ ಭಟ್)
_9170326
245 _aAyke
_bಆಯ್ಕೆ
260 _aPutturu
_bKannada Prapancha Prakashana
_c1997
300 _aviii,87
_bPB
365 _b36
_cRs
650 _aKannada Drama
_9170327
906 _aRediyo Natakagalu
942 _2ddc
_cBK
999 _c213268
_d213268